000 00555nam a2200169 4500
001 144607
003 ES-MaACL
005 20230906201046.0
007 t|
008 070214s1965 sp r ||||1| spa d
100 1 _aSmedt, Emile Joseph de.
_9106817
245 1 3 _aEl amor conyugal
_b: pastoral y diálogo /
_cE. J. de Smedt, Obispo de Brujas ; [versión castellana de J. Vallverdú].
260 _aBarcelona :
_bHerder,
_c1965 (
_fGrafesa)
300 _a173 p. ;
_c18 cm.
700 1 _aVallverdú, Josep.
_9112965
852 _aES-MaACL
_jF-7312
_bR.56723
999 _c144607
_d144607